Os 10 nomes de aeronaves de passageiros mais usados ​​+ nome do tipo - Statistics

Estatísticas Gerais
  • Esse quiz foi jogado 27 vezes
  • A pontuação média é 4 de 10
Estatísticas das Respostas
Resposta % Correto
Airbus A320
83%
Boeing 737
83%
Boeing 777
83%
Boeing 787
67%
Airbus A330
61%
ATR
39%
Embraer E
17%
Bombardier CRJ
0%
Embraer ERJ
0%
Havilland DHC
0%
Nenhum quiz correspondente encontrado
Distribuição das Pontuações
Porcentagem de Pessoas com Cada Pontuação
Percentil de Números Respondidos
Sua Pontuação Histórica
Você não jogou esse quiz